000 00954nam a2200193Ia 4500
008 0000001995 sp a 0000000000spa00
090 _aPSP00 P27g2
245 1 0 _aGuillermo Pérez Villalta
_c/ textos Santiago B. Olmo ... [et al.] ; fotografías Luis Pérez Mínguez, Jesús Peralta, Richard Conahay
300 _a269p.
_c/ 30 cm.
500 _aExposición realizada en Galerías del Arenal, Sevilla, Mayo 25 Junio 9, 1995 ; Baluarte de la Candelaria, Cádiz, Junio 9 Julio 23, 1995 \ Con el patronazgo del maestro venezolano Jesús Rafael Soto (q.e.p.d.)
600 0 0 _aPEREZ VILLALTA, GUILLERMO, 1948/
_xTRABAJOS PICTORICOS
650 1 4 _aARTE CONTEMPORANEO ESPAÑOL
650 1 4 _xCATALOGOS
650 1 4 _xEXPOSICIONES
650 1 4 _aPINTORES ESPAÑOLES
650 1 4 _aPINTURA ESPAÑOLA
700 1 _aOlmo, Santiago B. \ Pérez Minguez, Luis \ Peralta, Jesús \ Conahay, Richard
999 _c4429
_d4429
260 _aSevilla : Junta de Andalucía
_c1995